000 01010pam a2200277 a 4500
001 2030801
003 GBCCL
005 20241126110346.0
008 920302s1992 tnua b 000 0 eng
010 _a 92009539
020 _a0805415505 :
_c$24.95
040 _aDLC
_cDLC
_dDLC
050 0 0 _aBV4222
_b.H35 1992
082 0 0 _a251.00202
_220
_bHAN
245 0 0 _aHandbook of contemporary preaching /
_cMichael Duduit, editor.
260 _aNashville, Tenn. :
_bBroadman Press,
_cc1992.
300 _a607 p. :
_bill. ;
_c24 cm.
504 _aIncludes bibliographical references (p. 591-607).
650 0 _aPreaching.
_9404
700 1 _aDuduit, Michael,
_d1954-
_91167
740 0 _aContemporary preaching.
856 4 2 _3Publisher description
_uhttp://www.loc.gov/catdir/enhancements/fy0902/92009539-d.html
906 _a7
_bcbc
_corignew
_d1
_eocip
_f19
_gy-gencatlg
942 _2ddc
_cBK
999 _c801
_d801